banner koha

Exigências de lisina digestível e de energia metabolizável para codornas de corte em crescimento (Registro n. 239227)

MARC details
000 -LÍDER
campo de controle de tamanho fixo 00982nas a2200313 4500
001 - NÚMERO DE CONTROLE
campo de controle BR2014005622
003 - IDENTIFICADOR DO NÚMERO DE CONTROLE
campo de controle BR-BrBNA
005 - DATA E HORÁRIO DA ÚLTIMA TRANSAÇÃO
campo de controle 20231205124450.0
007 - CAMPO FIXO DE DESCRIÇÃO FÍSICA--INFORMAÇÃO GERAL
campo de controle de tamanho fixo ta
008 - CAMPO DE DADOS FIXOS--INFORMAÇÃO GERAL
campo de controle de tamanho fixo 230509b bl.|||p| |||| 00| 00por d
040 ## - FONTE DA CATALOGAÇÃO
Instituição da catalogação original BR-BrBNA
Idioma da catalogação por
Instituição que transcreveu o registro Biblioteca Nacional de Agricultura
041 ## - CÓDIGO DE IDIOMA
Código do idioma do texto/trilha sonora ou título diferente (Pt)
072 ## - CÓDIGO DE CATEGORIA DE ASSUNTO
Código de Categoria de Assunto L51; L02
100 1# - ENTRADA PRINCIPAL--NOME PESSOAL
Nome pessoal Ton, A.P.S.
100 1# - ENTRADA PRINCIPAL--NOME PESSOAL
Nome pessoal Furlan, A.C.
100 1# - ENTRADA PRINCIPAL--NOME PESSOAL
Nome pessoal Martins, E.N.
100 1# - ENTRADA PRINCIPAL--NOME PESSOAL
Nome pessoal Toledo, J.B.
100 1# - ENTRADA PRINCIPAL--NOME PESSOAL
Nome pessoal Scherer, C.
100 1# - ENTRADA PRINCIPAL--NOME PESSOAL
Nome pessoal Conti, A.C.M.
245 1# - TÍTULO
Título Exigências de lisina digestível e de energia metabolizável para codornas de corte em crescimento
650 ## - ASSUNTO--TERMO TÓPICO
Cabeçalho tópico ou nome geográfico CODORNA
650 ## - ASSUNTO--TERMO TÓPICO
Cabeçalho tópico ou nome geográfico CRESCIMENTO
650 ## - ASSUNTO--TERMO TÓPICO
Cabeçalho tópico ou nome geográfico EXIGÊNCIA NUTRICIONAL
650 ## - ASSUNTO--TERMO TÓPICO
Cabeçalho tópico ou nome geográfico CONVERSÃO ALIMENTAR
773 0# - ENTRADA ANALÍTICA
Título Revista Brasileira de Zootecnia (Brazil)
ISSN - International Standard Serial Number ISSN 1806-9290
Partes relacionadas (Mar 2011), v. 40(3) p. 593-601
Número de controle do registro BR2014005622
856 40 - LOCALIZAÇÃO ELETRÔNICA E ACESSO
Uniform Resource Identifier <a href="http://www.scielo.br/pdf/rbz/v40n3/18.pdf">http://www.scielo.br/pdf/rbz/v40n3/18.pdf</a>
909 ## -
-- 202311
-- Lúcia
-- 55
-- Lúcia Elande
942 ## - ELEMENTOS DE ENTRADA ADICIONADOS (KOHA)
Fonte da classificação ou esquema de arquivamento na estante Classificação AGRIS
Ocultar no OPAC Não
Tipo de material Koha Analítica
Exemplares
Situação do descarte Fonte da classificação ou esquema de arquivamento na estante Situação física Não pode ser emprestado Biblioteca de origem Biblioteca atual Localização na estante Enumeração do periódico / cronologia Total de empréstimos Data de último acesso Número do exemplar Tipo de material Koha Fonte de aquisição
  Classificação AGRIS   Consulta local Biblioteca Nacional de Agricultura - Binagri Biblioteca Nacional de Agricultura - Binagri   (Mar 2011), v. 40(3) p. 593-601   29/11/2023 01 Periódicos Portaria Interministerial nº 164/94

BINAGRI

Telefone: (61)3218-2567/2388/3357/2097 - binagri@agro.gov.br

Ministério da Agricultura e Pecuária , Esplanada dos Ministérios, Bloco D, Anexo B, Brasília/DF, CEP: 70.043-900